[Event "17th WCh U20 Girls"]
[Site "Yerevan ARM"]
[Date "1999.09.20"]
[Round "3"]
[White "Kuang Yinghui"]
[Black "Sheldon, Ruth"]
[Result "1-0"]
[WhiteElo "2202"]
[BlackElo "2310"]
[EventDate "1999.09.18"]
[PlyCount "127"]

1.e4 c5 2.Nf3 e6 3.d3 Nc6 4.g3 g6 5.Bg2 Bg7 6.O-O Nge7 7.Nbd2 d6 8.Re1 O-O
9.Nf1 e5 10.c3 h6 11.Bd2 Be6 12.h4 d5 13.N3h2 h5 14.Qc1 d4 15.c4 Rb8 16.
Nf3 b5 17.cxb5 Rxb5 18.Ng5 Bg4 19.b3 Qb6 20.Nh2 Bd7 21.Bf1 a5 22.Be2 Qa7 
23.Qc4 Nd8 24.Rec1 a4 25.Qxa4 Qxa4 26.bxa4 Rb2 27.Ngf3 Ne6 28.a5 Nc6 29.
Bd1 Nb4 30.Bxb4 Rxb4 31.Bb3 Rc8 32.Nd2 Bh6 33.Nhf3 Bb5 34.Bc4 Bxc4 35.Rxc4
Rb2 36.Nb3 Bg7 37.Ra4 f5 38.Nfd2 Rc2 39.a6 fxe4 40.a7 Nc7 41.Nxe4 Bf8 42.
Rb1 c4 43.dxc4 d3 44.Rd1 Rd8 45.Nf6+ Kf7 46.Nd5 Nxd5 47.a8=Q Rxa8 48.Rxa8 
Nb4 49.a3 Rc3 50.axb4 Rxb3 51.c5 e4 52.Ra7+ Ke6 53.Ra6+ Kd5 54.Rb6 Rb2 55.
Rxg6 Rxb4 56.Rg5+ Kd4 57.Rxh5 Bxc5 58.Rf5 Rb2 59.h5 Kc4 60.h6 Bd4 61.h7 
Kc3 62.Rc5+ Kb3 63.Rd5 Bc3 64.R1xd3 1-0

[Event "17th WCh U20 Girls"]
[Site "Yerevan ARM"]
[Date "1999.09.20"]
[Round "3"]
[White "Vajda, Szidonia"]
[Black "Zaksaite, Salomeja"]
[Result "1-0"]
[WhiteElo "2397"]
[BlackElo "2087"]
[EventDate "1999.09.18"]
[PlyCount "81"]

1.e4 c5 2.Nf3 e6 3.c3 Nf6 4.e5 Nd5 5.d4 cxd4 6.cxd4 d6 7.a3 Nc6 8.Bd3 dxe5
9.dxe5 g6 10.O-O Bg7 11.Re1 O-O 12.Qe2 b6 13.h4 h5 14.Bg5 Qc7 15.Nbd2 Bb7 
16.Rac1 Rac8 17.b4 Qb8 18.Nc4 Ba6 19.Qe4 Nce7 20.Nd4 Rfd8 21.b5 Bb7 22.Nd6
Rxc1 23.Rxc1 Ba8 24.Nc6 Nxc6 25.bxc6 Rxd6 26.exd6 Qxd6 27.Qc4 Nc7 28.Be2 
Bd4 29.Bf3 e5 30.a4 Kg7 31.Rd1 f6 32.Be3 Qc5 33.Qd3 Ne6 34.Rc1 Qd6 35.Qc4 
Nc7 36.Bxd4 exd4 37.Rd1 Ne6 38.Qd5 Qxd5 39.Bxd5 Nc7 40.Bf3 Ne6 41.Re1 1-0

[Event "17th WCh U20 Girls"]
[Site "Yerevan ARM"]
[Date "1999.09.20"]
[Round "3"]
[White "Mkrtchian, Lilit"]
[Black "Aginian, Nelly"]
[Result "1-0"]
[WhiteElo "2295"]
[BlackElo "2170"]
[EventDate "1999.09.18"]
[PlyCount "119"]

1.e4 c5 2.Nf3 Nc6 3.d4 cxd4 4.Nxd4 Nf6 5.Nc3 e5 6.Ndb5 d6 7.Bg5 a6 8.Na3 
b5 9.Nd5 Qa5+ 10.Bd2 Qd8 11.Bg5 Qa5+ 12.Bd2 Qd8 13.Nxf6+ Qxf6 14.c4 Qg6 
15.f3 Be7 16.Be3 bxc4 17.Qd5 Bb7 18.Bxc4 O-O 19.O-O Kh8 20.Rac1 Rab8 21.
Qd2 f5 22.Bd5 Nd4 23.Bxb7 Rxb7 24.Bxd4 exd4 25.Qxd4 Qf6 26.Qxf6 Bxf6 27.
Nc4 Bxb2 28.Rcd1 Rb4 29.Nxd6 fxe4 30.fxe4 Rxf1+ 31.Kxf1 Kg8 32.Rd5 Kf8 33.
Ra5 Rb6 34.Nc4 Rf6+ 35.Ke2 Bd4 36.Rf5 Rxf5 37.exf5 Kf7 38.Kd3 Bg1 39.h3 
Kf6 40.Ke4 g6 41.fxg6 hxg6 42.a4 Bf2 43.Ne5 Be1 44.Nd3 Bd2 45.Nc5 a5 46.
Nd7+ Kg5 47.Ne5 Bb4 48.Nf3+ Kf6 49.g4 Bc3 50.Kf4 Bb2 51.Ke4 Bc3 52.Kd5 Bb4
53.h4 Bc3 54.Kc4 Bb4 55.Nd4 Be1 56.Kb5 Bxh4 57.Kxa5 Kg5 58.Kb5 Kxg4 59.a5 
Bf2 60.Kc4 1-0

[Event "17th WCh U20 Girls"]
[Site "Yerevan ARM"]
[Date "1999.09.20"]
[Round "3"]
[White "Sergeeva, Maria"]
[Black "Gritsaeva, Oxana"]
[Result "1/2-1/2"]
[WhiteElo "2208"]
[BlackElo "2248"]
[EventDate "1999.09.18"]
[PlyCount "57"]

1.e4 d6 2.d4 Nf6 3.Nc3 g6 4.f4 Bg7 5.Nf3 O-O 6.Bd3 Nc6 7.O-O Bg4 8.Be3 e5 
9.d5 Nd4 10.Bxd4 exd4 11.Ne2 Re8 12.Ng3 Qd7 13.Qd2 Bxf3 14.Rxf3 c6 15.dxc6
bxc6 16.h3 Rab8 17.b3 Qd8 18.Re1 Qb6 19.Qf2 Qa5 20.a4 Rb7 21.Rf1 Rbe7 22.
f5 g5 23.Qxd4 Qb6 24.Qxb6 axb6 25.c3 h5 26.Rd1 h4 27.Nf1 Nd7 28.Bc2 Be5 
29.Ne3 1/2-1/2

[Event "17th WCh U20 Girls"]
[Site "Yerevan ARM"]
[Date "1999.09.20"]
[Round "3"]
[White "Sorokina, Anastasia"]
[Black "Slavina, Irina"]
[Result "1/2-1/2"]
[WhiteElo "2162"]
[BlackElo "2295"]
[EventDate "1999.09.18"]
[PlyCount "42"]

1.e4 d5 2.exd5 Qxd5 3.Nc3 Qa5 4.Nf3 Nf6 5.h3 Bf5 6.g4 Bg6 7.Bg2 c6 8.O-O 
h6 9.b4 Qc7 10.b5 e6 11.Re1 a6 12.Ne5 Bh7 13.bxc6 Nxc6 14.Nxc6 bxc6 15.Qf3
Rc8 16.d3 Be7 17.Bf4 Qa5 18.Ne4 Nxe4 19.dxe4 O-O 20.Qe2 Bb4 21.Red1 e5 
1/2-1/2

[Event "17th WCh U20 Girls"]
[Site "Yerevan ARM"]
[Date "1999.09.20"]
[Round "3"]
[White "Kouvatsou, Maria"]
[Black "Jackova, Jana"]
[Result "1-0"]
[WhiteElo "2152"]
[BlackElo "2233"]
[EventDate "1999.09.18"]
[PlyCount "50"]

1.e4 e5 2.Nf3 Nc6 3.Bc4 Bc5 4.c3 Nf6 5.b4 Bb6 6.d3 d6 7.Qe2 a5 8.b5 Ne7 9.
a4 Ng6 10.Na3 O-O 11.Bb3 d5 12.h3 h6 13.O-O Nh5 14.d4 exd4 15.cxd4 dxe4 
16.Qxe4 Qf6 17.Nc4 Bf5 18.Qxb7 Bxd4 19.Nxd4 Qxd4 20.Ba3 Be4 21.Qxc7 Rfc8 
22.Rad1 Qc3 23.Qxf7+ Kh7 24.Nd6 Bxg2 25.Nxc8 Qxh3 1-0

[Event "17th WCh U20 Girls"]
[Site "Yerevan ARM"]
[Date "1999.09.20"]
[Round "3"]
[White "Shahade, Jennifer"]
[Black "Gasparian, Marianna"]
[Result "1/2-1/2"]
[WhiteElo "2290"]
[BlackElo "2075"]
[EventDate "1999.09.18"]
[PlyCount "28"]

1.e4 c6 2.d4 d5 3.exd5 cxd5 4.c4 Nf6 5.Nc3 e6 6.cxd5 Nxd5 7.Nf3 Bb4 8.Bd2 
Nc6 9.Bd3 Be7 10.O-O O-O 11.a3 Bf6 12.Qc2 h6 13.Nxd5 exd5 14.Bc3 Qb6 
1/2-1/2

[Event "17th WCh U20 Girls"]
[Site "Yerevan ARM"]
[Date "1999.09.20"]
[Round "3"]
[White "Budylina, Sofia"]
[Black "Mohota, Nisha"]
[Result "0-1"]
[WhiteElo "2032"]
[BlackElo "2198"]
[EventDate "1999.09.18"]
[PlyCount "52"]

1.e4 c6 2.d4 d5 3.e5 Bf5 4.Nf3 e6 5.Be2 h6 6.O-O g5 7.b3 Nd7 8.c4 Ne7 9.
Nc3 Ng6 10.Re1 Bb4 11.Bd2 g4 12.Nxd5 Bxd2 13.Nxd2 exd5 14.Bxg4 Qg5 15.Bxf5
Qxf5 16.cxd5 cxd5 17.Nf1 O-O-O 18.Ne3 Qe6 19.f4 Nxf4 20.Qf3 Ng6 21.Nxd5 
Kb8 22.Ne3 Nb6 23.Red1 Nd5 24.Nc4 Rhg8 25.Nd6 Nh4 26.Qxf7 Rxd6 0-1

[Event "17th WCh U20 Girls"]
[Site "Yerevan ARM"]
[Date "1999.09.20"]
[Round "3"]
[White "Stajic, Snezana"]
[Black "Klimenko, Veronica"]
[Result "0-1"]
[WhiteElo "2078"]
[BlackElo "2100"]
[EventDate "1999.09.18"]
[PlyCount "70"]

1.Nf3 g6 2.g3 Bg7 3.d4 c5 4.Bg2 cxd4 5.Nxd4 Nc6 6.Nb3 Nf6 7.Nc3 O-O 8.O-O 
d6 9.h3 Bd7 10.e4 a6 11.Be3 Ne5 12.Nd2 Qc8 13.Kh2 b5 14.f4 Neg4+ 15.hxg4 
Nxg4+ 16.Kh1 Nxe3 17.Qf3 Nxg2 18.Nd5 Qd8 19.c3 Nh4 20.gxh4 e6 21.Ne3 Qxh4+
22.Kg2 Bc6 23.Rh1 Qe7 24.Rh2 f5 25.Rah1 h6 26.Qg3 g5 27.Rxh6 Bxh6 28.Rxh6 
Kg7 29.Rh5 Rh8 30.Rxg5+ Kf8 31.Kf2 Qh7 32.Ndf1 Bxe4 33.Rg6 Rg8 34.Rg5 Rxg5
35.Qxg5 Kf7 0-1

[Event "17th WCh U20 Girls"]
[Site "Yerevan ARM"]
[Date "1999.09.21"]
[Round "4"]
[White "Krush, Irina"]
[Black "Sorokina, Anastasia"]
[Result "1/2-1/2"]
[WhiteElo "2432"]
[BlackElo "2162"]
[EventDate "1999.09.18"]
[PlyCount "62"]

1.d4 d5 2.c4 dxc4 3.Nf3 Nf6 4.e3 e6 5.Bxc4 c5 6.O-O a6 7.Bb3 b5 8.a4 c4 9.
Bc2 b4 10.Nbd2 Qc7 11.e4 a5 12.e5 Nd5 13.Ne4 Ba6 14.Re1 Nd7 15.Bg5 h6 16.
Be3 Nxe3 17.fxe3 Nb6 18.Nfd2 Nd5 19.Rc1 Qd7 20.Qf3 b3 21.Bb1 Rc8 22.Qg3 f5
23.exf6 gxf6 24.Nc5 Bxc5 25.dxc5 Rxc5 26.Nxb3 Rc8 27.Nd4 Ke7 28.Qg7+ Kd6 
29.Qg3+ Ke7 30.Qg7+ Kd6 31.Qg3+ Ke7 1/2-1/2

[Event "17th WCh U20 Girls"]
[Site "Yerevan ARM"]
[Date "1999.09.21"]
[Round "4"]
[White "Mohota, Nisha"]
[Black "Vajda, Szidonia"]
[Result "1/2-1/2"]
[WhiteElo "2198"]
[BlackElo "2397"]
[EventDate "1999.09.18"]
[PlyCount "115"]

1.d4 Nf6 2.c4 c5 3.d5 g6 4.Nc3 d6 5.e4 Bg7 6.h3 O-O 7.Nf3 Na6 8.Bd3 Nc7 9.
O-O e6 10.Bg5 h6 11.Bh4 a6 12.a4 b6 13.Nd2 e5 14.Rb1 a5 15.Re1 Qd7 16.f4 
exf4 17.e5 dxe5 18.Nf3 g5 19.Nxe5 Qd6 20.Bf2 Re8 21.Ng4 Rxe1+ 22.Bxe1 Nfe8
23.Qc2 Qf8 24.Qb3 Rb8 25.Ne2 f5 26.Nf2 Nf6 27.Bxa5 Qd6 28.Bd2 Nce8 29.Qc2 
Qd7 30.b4 cxb4 31.Rxb4 Bf8 32.Rb1 Bc5 33.Bc3 Ra8 34.Nd4 Qxa4 35.Nxf5 Bxf5 
36.Bxf5 Qxc2 37.Bxc2 Kf7 38.Kf1 Ra2 39.Rb2 Ra1+ 40.Rb1 Rxb1+ 41.Bxb1 Bxf2 
42.Kxf2 Nd6 43.Bxf6 Kxf6 44.Bd3 h5 45.g3 Ke5 46.Kf3 fxg3 47.Kxg3 Kd4 48.
Be2 Ne4+ 49.Kg2 Nf6 50.Kf3 Ke5 51.Ke3 g4 52.hxg4 hxg4 53.Bd3 Nd7 54.Be2 
Nf6 55.Bd3 Ne8 56.Be2 Nd6 57.Bxg4 Nxc4+ 58.Kd3 1/2-1/2

[Event "17th WCh U20 Girls"]
[Site "Yerevan ARM"]
[Date "1999.09.21"]
[Round "4"]
[White "Gritsaeva, Oxana"]
[Black "Tkeshelashvili, Sopio"]
[Result "1/2-1/2"]
[WhiteElo "2248"]
[BlackElo "2284"]
[EventDate "1999.09.18"]
[PlyCount "107"]

1.d4 Nf6 2.Nf3 d5 3.c4 c6 4.cxd5 cxd5 5.Nc3 Nc6 6.Bf4 a6 7.e3 e6 8.Bd3 Be7
9.O-O Nh5 10.Be5 Nxe5 11.dxe5 g6 12.Rc1 O-O 13.Qc2 f6 14.Ne2 f5 15.Nfd4 
Kh8 16.Kh1 Rg8 17.Qc7 Qf8 18.f4 Bd8 19.Qc5 Be7 20.Qb6 Bd8 21.Qb3 Qg7 22.g3
g5 23.Rg1 g4 24.Rc2 Qd7 25.Rgc1 Ng7 26.Rc3 Ba5 27.Rc5 Bd2 28.R1c2 Bxe3 29.
Bb5 axb5 30.Qxe3 Rxa2 31.Qc3 Ra8 32.Rxb5 Qd8 33.Qc7 Qxc7 34.Rxc7 Rd8 35.
Rb3 Kg8 36.Rb6 Ne8 37.Re7 Ng7 38.Nc3 Ra6 39.Rb5 b6 40.Nc6 Rd7 41.Rb4 Rb7 
42.Rxb7 Bxb7 43.Nd4 Ne8 44.Kg2 Nc7 45.Kf2 Kf7 46.Na4 Na8 47.Ke3 Bc8 48.Nc3
Bd7 49.Rb3 Ke7 50.Nc2 Ra5 51.Ra3 Rxa3 52.bxa3 Nc7 53.Nb4 Kd8 54.Kd4 
1/2-1/2

[Event "17th WCh U20 Girls"]
[Site "Yerevan ARM"]
[Date "1999.09.21"]
[Round "4"]
[White "Slavina, Irina"]
[Black "Jackova, Jana"]
[Result "0-1"]
[WhiteElo "2295"]
[BlackElo "2233"]
[EventDate "1999.09.18"]
[PlyCount "88"]

1.d4 d5 2.c4 dxc4 3.e4 e5 4.Nf3 exd4 5.Bxc4 Nc6 6.O-O Be6 7.Bxe6 fxe6 8.
Qb3 Qd7 9.Qxb7 Rb8 10.Qa6 Nf6 11.Nbd2 Bb4 12.Qd3 O-O 13.Nc4 Nh5 14.a3 Bd6 
15.e5 Be7 16.Re1 Qd5 17.Bd2 Rf5 18.Re4 Rbf8 19.Rc1 a5 20.Rd1 a4 21.Nxd4 
Rxf2 22.Ne3 Qd7 23.Qb5 Qxd4 24.Qxc6 Qd8 25.Qxe6+ Kh8 26.Qd5 Qe8 27.Ng4 
R2f5 28.Ne3 Qg6 29.Rg4 Qb6 30.Rc4 Nf4 31.Rxf4 Rxf4 32.g3 Rd4 33.Qg2 Bc5 
34.Re1 Qxb2 35.Bc1 Qxg2+ 36.Kxg2 Re4 37.Nc2 Rf2+ 38.Kh3 Rfe2 39.Rd1 Rxe5 
40.Bf4 Re8 41.Nd4 Rd8 42.Nxe2 Rxd1 43.Nc3 Rd4 44.Be5 Rd3 0-1

[Event "17th WCh U20 Girls"]
[Site "Yerevan ARM"]
[Date "1999.09.21"]
[Round "4"]
[White "Cmilyte, Viktorija"]
[Black "Kouvatsou, Maria"]
[Result "1/2-1/2"]
[WhiteElo "2354"]
[BlackElo "2152"]
[EventDate "1999.09.18"]
[PlyCount "91"]

1.d4 Nf6 2.c4 g6 3.Nc3 Bg7 4.e4 d6 5.Nf3 O-O 6.Be2 e5 7.O-O Nc6 8.d5 Ne7 
9.b4 a5 10.bxa5 Rxa5 11.a4 Nd7 12.Ba3 Bh6 13.Nd2 b6 14.Nb3 Ra8 15.a5 Nc5 
16.axb6 cxb6 17.Nxc5 bxc5 18.Bb2 Rb8 19.Nb5 f5 20.Bd3 Bd7 21.Qe2 Nc8 22.
Bc3 Qh4 23.g3 Qe7 24.exf5 gxf5 25.Ra6 Rb6 26.Rfa1 e4 27.Bc2 Bg7 28.Rxb6 
Nxb6 29.Bxg7 Kxg7 30.Ra7 Rf7 31.Rb7 Nc8 32.Qe3 Qf6 33.Nc7 h6 34.Rb8 Qe5 
35.Qe1 Ne7 36.Ra8 Ng6 37.Ba4 Bxa4 38.Ne6+ Kh7 39.Rxa4 Qb2 40.Kg2 Ne5 41.
Qe3 Ng4 42.Qf4 e3 43.Ra7 Rxa7 44.Qxf5+ Kh8 45.Qf8+ Kh7 46.Qf5+ 1/2-1/2

[Event "17th WCh U20 Girls"]
[Site "Yerevan ARM"]
[Date "1999.09.21"]
[Round "4"]
[White "Khukhashvili, Sopiko"]
[Black "Mkrtchian, Lilit"]
[Result "1/2-1/2"]
[WhiteElo "2206"]
[BlackElo "2295"]
[EventDate "1999.09.18"]
[PlyCount "24"]

1.e4 e6 2.d4 d5 3.exd5 exd5 4.Nf3 Nf6 5.Bd3 Bd6 6.O-O O-O 7.Bg5 Bg4 8.Nbd2
Nbd7 9.c3 c6 10.Qc2 Qc7 11.Rfe1 Rfe8 12.Bh4 Bh5 1/2-1/2

[Event "17th WCh U20 Girls"]
[Site "Yerevan ARM"]
[Date "1999.09.21"]
[Round "4"]
[White "Goletiani, Rusudan"]
[Black "Sahakian, Nonna"]
[Result "1-0"]
[WhiteElo "2386"]
[BlackElo "2093"]
[EventDate "1999.09.18"]
[PlyCount "79"]

1.e4 c5 2.Nf3 e6 3.d3 Nc6 4.g3 d5 5.Nbd2 g6 6.Bg2 Bg7 7.O-O Nge7 8.Re1 b6 
9.e5 h6 10.h4 g5 11.hxg5 hxg5 12.Nxg5 Nxe5 13.Ngf3 N5c6 14.c4 Bf6 15.cxd5 
Nxd5 16.a3 a5 17.Qa4 Qd7 18.Nh2 Ne5 19.Qe4 Ba6 20.Ng4 Nxg4 21.Qxg4 O-O-O 
22.Ne4 Bd4 23.Qe2 Qb5 24.Ng5 Qxd3 25.Qg4 Qg6 26.Qf3 Rd7 27.Rd1 Rh5 28.Ne4 
a4 29.Rxd4 cxd4 30.Qd1 f5 31.Nd2 Rdh7 32.Nf3 Qg4 33.Qxa4 Bb7 34.Qe8+ Kc7 
35.Bf4+ Nxf4 36.Rc1+ Kd6 37.Qb8+ Ke7 38.Rc7+ Kf6 39.Qf8+ Kg6 40.Ne5+ 1-0

[Event "17th WCh U20 Girls"]
[Site "Yerevan ARM"]
[Date "1999.09.21"]
[Round "4"]
[White "Aginian, Nelly"]
[Black "Shahade, Jennifer"]
[Result "1/2-1/2"]
[WhiteElo "2170"]
[BlackElo "2290"]
[EventDate "1999.09.18"]
[PlyCount "101"]

1.e4 c5 2.Nf3 d6 3.d4 cxd4 4.Nxd4 Nf6 5.Nc3 g6 6.Be2 Bg7 7.O-O O-O 8.Bg5 
Nc6 9.Nb3 a6 10.Re1 h6 11.Bh4 Be6 12.Bf1 b5 13.f4 d5 14.e5 Ng4 15.Qd2 Qb6+
16.Bf2 Nxf2 17.Qxf2 d4 18.Bd3 Bc4 19.Be4 Rad8 20.Rad1 f6 21.Bxc6 Bxb3 22.
axb3 Qxc6 23.Rxd4 fxe5 24.Rxd8 Rxd8 25.fxe5 Qc7 26.Qe2 Qc5+ 27.Qe3 Qxe3+ 
28.Rxe3 Rd2 29.Re2 Rxe2 30.Nxe2 Bxe5 31.c3 Kf7 32.h3 Ke6 33.Kf2 Kd5 34.Ke3
g5 35.Kd3 e6 36.Ke3 Bc7 37.Kf3 Be5 38.Nc1 b4 39.Ne2 a5 40.Ke3 h5 41.Kd3 
Bd6 42.c4+ Ke5 43.Ng3 h4 44.Ne4 Be7 45.Ke3 Bd8 46.Nd2 Bb6+ 47.Kd3 Bc5 48.
Ne4 Be7 49.Ke3 Bd8 50.Nd2 Bb6+ 51.Kd3 1/2-1/2

[Event "17th WCh U20 Girls"]
[Site "Yerevan ARM"]
[Date "1999.09.21"]
[Round "4"]
[White "Kuang Yinghui"]
[Black "Sergeeva, Maria"]
[Result "1/2-1/2"]
[WhiteElo "2202"]
[BlackElo "2208"]
[EventDate "1999.09.18"]
[PlyCount "111"]

1.e4 c5 2.Nf3 d6 3.c3 Nf6 4.h3 Nbd7 5.Bd3 e6 6.Bc2 b6 7.O-O Bb7 8.Qe2 Qc7 
9.d4 Be7 10.e5 dxe5 11.dxe5 Nd5 12.a3 c4 13.Re1 b5 14.a4 b4 15.a5 Rc8 16.
Ba4 b3 17.Na3 Bxa3 18.Rxa3 O-O 19.Bxd7 Qxd7 20.Ng5 Ne7 21.Ne4 Bxe4 22.Qxe4
a6 23.Be3 Qd5 24.Qxd5 Nxd5 25.Bd2 Rc5 26.Re4 Rfc8 27.Kf1 Kf8 28.Ra4 Ke7 
29.Ke2 R8c7 30.Rd4 f6 31.exf6+ Nxf6 32.Be3 e5 33.Rg4 Nxg4 34.Bxc5+ Rxc5 
35.hxg4 Ke6 36.g3 Kd5 37.Ke3 e4 38.Ra1 Ke5 39.Ra4 Kd5 40.Ra1 Rc6 41.Rd1+ 
Kc5 42.Kxe4 Re6+ 43.Kf3 g5 44.Rd2 Re1 45.Re2 Rc1 46.Ke3 Rg1 47.Rd2 Re1+ 
48.Re2 Rg1 49.f3 Rxg3 50.Kf2 Rh3 51.Kg2 Rh6 52.Re5+ Kc6 53.Re4 Kd5 54.Re7 
Re6 55.Rxe6 Kxe6 56.Kf2 1/2-1/2

[Event "17th WCh U20 Girls"]
[Site "Yerevan ARM"]
[Date "1999.09.21"]
[Round "4"]
[White "Vo Hong Phuong"]
[Black "Nill, Jessica"]
[Result "1/2-1/2"]
[WhiteElo "2226"]
[BlackElo "2168"]
[EventDate "1999.09.18"]
[PlyCount "100"]

1.e4 e5 2.Nf3 Nc6 3.Bb5 a6 4.Ba4 Nf6 5.O-O b5 6.Bb3 Bc5 7.d3 O-O 8.c3 d6 
9.h3 h6 10.a4 Rb8 11.axb5 axb5 12.Re1 Re8 13.Nbd2 Bb6 14.Nf1 d5 15.Ng3 
dxe4 16.dxe4 Qxd1 17.Bxd1 Na5 18.Be3 Bxe3 19.Rxe3 Nc4 20.Re2 Bb7 21.b3 Nd6
22.Bc2 Ra8 23.Rxa8 Bxa8 24.Nd2 Bb7 25.f3 Ra8 26.Kf2 g6 27.Ndf1 Ra2 28.Rd2 
Kf8 29.Bd1 Rxd2+ 30.Nxd2 Nd7 31.Bc2 h5 32.b4 Nb6 33.Ne2 Nbc4 34.Nxc4 Nxc4 
35.Bb3 Nd6 36.Nc1 Ke7 37.Nd3 f6 38.Ke3 g5 39.g3 Bc8 40.h4 gxh4 41.gxh4 Be6
42.Bc2 Nc4+ 43.Kf2 Na3 44.Ne1 Bf7 45.f4 Kd6 46.Kf3 c5 47.fxe5+ fxe5 48.Kf2
Bg6 49.Ke3 Nc4+ 50.Kf3 Nd2+ 1/2-1/2

[Event "17th WCh U20 Girls"]
[Site "Yerevan ARM"]
[Date "1999.09.21"]
[Round "4"]
[White "Sheldon, Ruth"]
[Black "Redondo Arguelles, Graciela"]
[Result "1-0"]
[WhiteElo "2310"]
[BlackElo "2067"]
[EventDate "1999.09.18"]
[PlyCount "95"]

1.d4 d5 2.c4 e6 3.Nc3 Nf6 4.Nf3 c6 5.cxd5 exd5 6.Qc2 Be7 7.Bg5 Nbd7 8.e3 
O-O 9.Bd3 Re8 10.h3 Ne4 11.Bxe4 dxe4 12.Nxe4 Qa5+ 13.Qd2 Bb4 14.Nc3 Nb6 
15.O-O Nc4 16.Qc2 Nxb2 17.Ne2 Na4 18.e4 Nc3 19.Ng3 Nb5 20.Be3 Bf8 21.a4 
Nc7 22.Bd2 Bb4 23.Bxb4 Qxb4 24.Rab1 Qe7 25.Rfe1 Rd8 26.Nf5 Qf6 27.Ne5 h5 
28.Rb3 Bxf5 29.exf5 Rab8 30.Reb1 Na6 31.Rxb7 Rxb7 32.Rxb7 Rxd4 33.Nxc6 Rd6
34.Nxa7 Qa1+ 35.Rb1 Qf6 36.Nc8 Rd8 37.Nb6 Qd6 38.a5 Qa3 39.Nc4 Qc5 40.Qe4 
Rc8 41.Rb6 Nb8 42.Nd6 Rd8 43.Qc4 Qxc4 44.Nxc4 Rd1+ 45.Kh2 Nd7 46.Rc6 Kf8 
47.a6 Ra1 48.Rc7 1-0

[Event "17th WCh U20 Girls"]
[Site "Yerevan ARM"]
[Date "1999.09.21"]
[Round "4"]
[White "Zaksaite, Salomeja"]
[Black "Budylina, Sofia"]
[Result "1/2-1/2"]
[WhiteElo "2087"]
[BlackElo "2032"]
[EventDate "1999.09.18"]
[PlyCount "132"]

1.e4 c5 2.Nf3 d6 3.d4 cxd4 4.Nxd4 Nf6 5.Nc3 e6 6.g3 Nc6 7.Bg2 Be7 8.O-O 
O-O 9.Nce2 d5 10.exd5 Nxd5 11.Nxc6 bxc6 12.c4 Nb4 13.a3 Nd3 14.Bxc6 Rb8 
15.Qc2 Ne5 16.Be4 f5 17.Bg2 Ba6 18.Bf4 Bf6 19.Rfd1 Qc8 20.Nd4 Qxc4 21.Qxc4
Bxc4 22.Rac1 Bb3 23.Nxb3 Rxb3 24.Rc7 Nd3 25.Bd6 Rd8 26.Be7 Bxe7 27.Rxe7 
Rd6 28.Bf1 a5 29.Bxd3 Rbxd3 30.Rxd3 Rxd3 31.Rxe6 Rb3 32.Re5 g6 33.Rxa5 
Rxb2 34.Ra7 Ra2 35.Kg2 Kf8 36.h4 Ke8 37.a4 Kd8 38.Rxh7 Rxa4 39.Rh6 Ra6 40.
h5 Ke7 41.hxg6 Ra8 42.g7 Rg8 43.Rg6 Kf7 44.Rg5 Kf6 45.f4 Rxg7 46.Rxg7 Kxg7
47.Kf3 Kf6 48.Ke3 Ke6 49.Kf3 Kf6 50.Ke2 Ke7 51.Kd2 Kd7 52.Kc3 Kc7 53.Kb2 
Kb7 54.Kc2 Kc6 55.Kd1 Kd7 56.Kd2 Kd8 57.Ke2 Ke8 58.Kf2 Kf8 59.Kg2 Kg8 60.
Kh2 Kh8 61.Kh1 Kh7 62.Kg1 Kg7 63.Kg2 Kg8 64.g4 fxg4 65.Kg3 Kg7 66.Kxg4 Kf6
1/2-1/2

[Event "17th WCh U20 Girls"]
[Site "Yerevan ARM"]
[Date "1999.09.21"]
[Round "4"]
[White "Navabi, Shirin"]
[Black "Stajic, Snezana"]
[Result "1-0"]
[WhiteElo "2029"]
[BlackElo "2078"]
[EventDate "1999.09.18"]
[PlyCount "53"]

1.c4 e5 2.Nc3 Nc6 3.Nf3 f5 4.d4 e4 5.d5 exf3 6.dxc6 fxg2 7.cxd7+ Qxd7 8.
Bxg2 Qxd1+ 9.Kxd1 c6 10.Kc2 Be6 11.b3 Bc5 12.Bb2 Nf6 13.e4 fxe4 14.Nxe4 
Nxe4 15.Bxe4 O-O 16.f3 Bh3 17.Rhd1 Rac8 18.Rd2 Bf5 19.Re2 Bg6 20.Kc3 Bh5 
21.Rf1 Rcd8 22.Kc2 Rd7 23.Rg2 Rdf7 24.Rg5 Re8 25.Rxc5 Rxe4 26.fxe4 Rxf1 
27.Rxh5 1-0

[Event "17th WCh U20 Girls"]
[Site "Yerevan ARM"]
[Date "1999.09.22"]
[Round "5"]
[White "Vajda, Szidonia"]
[Black "Gritsaeva, Oxana"]
[Result "1-0"]
[WhiteElo "2397"]
[BlackElo "2248"]
[EventDate "1999.09.18"]
[PlyCount "81"]

1.e4 d6 2.d4 Nf6 3.Nc3 g6 4.Nf3 Bg7 5.Be2 O-O 6.O-O Nc6 7.d5 Nb4 8.h3 a5 
9.a3 Na6 10.Be3 c6 11.Qd2 Bd7 12.Bh6 Qc7 13.Bxg7 Kxg7 14.Qd4 Kg8 15.Rac1 
cxd5 16.Nxd5 Nxd5 17.exd5 Qc5 18.Qh4 Kg7 19.Qxe7 Rae8 20.Qxd7 Rxe2 21.Qxb7
Nc7 22.b4 axb4 23.axb4 Qc4 24.Qc6 Qxc6 25.dxc6 Rb8 26.Nd4 Re4 27.c3 Ne6 
28.b5 Nc7 29.Rfd1 Nxb5 30.Rb1 Nxd4 31.Rxb8 Nxc6 32.Rb6 Na5 33.Rbxd6 Rc4 
34.R1d3 Nb3 35.Rd7 Rf4 36.Rc7 Nc1 37.Re3 Nb3 38.g3 Rf5 39.Kg2 Nd2 40.Rd3 
Ne4 41.Rf3 1-0

[Event "17th WCh U20 Girls"]
[Site "Yerevan ARM"]
[Date "1999.09.22"]
[Round "5"]
[White "Mohota, Nisha"]
[Black "Goletiani, Rusudan"]
[Result "0-1"]
[WhiteElo "2198"]
[BlackElo "2386"]
[EventDate "1999.09.18"]
[PlyCount "134"]

1.d4 Nf6 2.c4 e6 3.Nc3 Bb4 4.e3 O-O 5.Bd3 c5 6.Nf3 b6 7.O-O cxd4 8.exd4 d5
9.Bg5 Be7 10.cxd5 exd5 11.Ne5 Bb7 12.Re1 Nbd7 13.Re3 g6 14.Nxd7 Qxd7 15.
Qf3 Kg7 16.Qf4 Nh5 17.Bh6+ Kg8 18.Qf3 Rfc8 19.Bf5 Qxf5 20.Qxf5 gxf5 21.
Rxe7 Rab8 22.g4 Rc6 23.gxh5 Rxh6 24.f4 Rxh5 25.Rae1 Rh4 26.Rc7 Rg4+ 27.Kh1
Kh8 28.Rxf7 Ba6 29.Rxf5 Bd3 30.Rxd5 Rxf4 31.Rde5 Rg8 32.Re8 Rxd4 33.Rxg8+ 
Kxg8 34.Re7 b5 35.a3 a5 36.Kg1 b4 37.Ne2 bxa3 38.bxa3 Ra4 39.Kf2 Rxa3 40.
Re3 Rb3 41.Ke1 a4 42.Nc1 Rb1 43.Rxd3 Rxc1+ 44.Kd2 Rc8 45.Rd7 Ra8 46.Kc2 
Ra5 47.Kb2 Rh5 48.Rd2 Rh3 49.Rf2 Kg7 50.Ka2 Kg6 51.Kb2 Kg5 52.Ka2 h5 53.
Rc2 h4 54.Kb1 Rf3 55.Rg2+ Kf4 56.Ka2 Rd3 57.Rc2 Kf3 58.Rc4 h3 59.Rxa4 Kg2 
60.Rg4+ Kxh2 61.Kb2 Rg3 62.Rd4 Rg2+ 63.Kb3 Kg1 64.Kc3 Rg3+ 65.Kc2 h2 66.
Rd1+ Kg2 67.Rd2+ Kh3 0-1

[Event "17th WCh U20 Girls"]
[Site "Yerevan ARM"]
[Date "1999.09.22"]
[Round "5"]
[White "Sergeeva, Maria"]
[Black "Cmilyte, Viktorija"]
[Result "0-1"]
[WhiteElo "2208"]
[BlackElo "2354"]
[EventDate "1999.09.18"]
[PlyCount "94"]

1.e4 c5 2.Nf3 Nc6 3.d4 cxd4 4.Nxd4 Nf6 5.Nc3 e5 6.Ndb5 d6 7.Bg5 a6 8.Na3 
b5 9.Nd5 Be7 10.Bxf6 Bxf6 11.c3 O-O 12.Nc2 Rb8 13.h4 Be7 14.Bd3 Be6 15.
Nce3 Qd7 16.Qe2 Bd8 17.Qf3 Ne7 18.Nxe7+ Bxe7 19.a3 Bd8 20.Rd1 a5 21.g3 b4 
22.cxb4 axb4 23.O-O bxa3 24.bxa3 Rb3 25.a4 Qxa4 26.Qe2 Ra3 27.Bc2 Qc6 28.
Rc1 Rc3 29.Qd2 Ba5 30.Bd3 Rc8 31.Rxc3 Bxc3 32.Qe2 Bd4 33.Rb1 g6 34.Nc2 Bc5
35.Nb4 Bxb4 36.Rxb4 d5 37.exd5 Qxd5 38.Be4 Qc5 39.Rb1 Qd4 40.Bg2 Bg4 41.
Qb5 Rc2 42.Qf1 Bf5 43.Qe1 Bd3 44.Bf1 e4 45.Rd1 Kg7 46.Rd2 Rxd2 47.Qxd2 Qa1
0-1

[Event "17th WCh U20 Girls"]
[Site "Yerevan ARM"]
[Date "1999.09.22"]
[Round "5"]
[White "Tkeshelashvili, Sopio"]
[Black "Kuang Yinghui"]
[Result "1/2-1/2"]
[WhiteElo "2284"]
[BlackElo "2202"]
[EventDate "1999.09.18"]
[PlyCount "81"]

1.e4 e5 2.Nf3 Nc6 3.Bb5 a6 4.Ba4 Nf6 5.Bxc6 dxc6 6.d3 Bd6 7.Nbd2 O-O 8.O-O
c5 9.Nc4 Nd7 10.b3 b5 11.Ne3 Re8 12.a4 c6 13.Nf5 Nf8 14.Nxd6 Qxd6 15.Ba3 
Bg4 16.Qe2 Ne6 17.Qe3 Bxf3 18.Qxf3 Qd4 19.Ra2 c4 20.dxc4 bxc4 21.Rd1 cxb3 
22.cxb3 Qb6 23.Rd7 f6 24.Rad2 Red8 25.Qd3 Rxd7 26.Qxd7 Qxb3 27.Qxc6 Rb8 
28.h3 Nd4 29.Qd6 Re8 30.Qd7 Rb8 31.Bd6 Ra8 32.Kh2 Qc3 33.Bb4 Qc4 34.Bc3 
Ne6 35.Qd5 Rc8 36.Ba5 Rc5 37.Qxc4 Rxc4 38.Rd6 Nf8 39.f3 Rxa4 40.Rxa6 Kf7 
41.Ra7+ 1/2-1/2

[Event "17th WCh U20 Girls"]
[Site "Yerevan ARM"]
[Date "1999.09.22"]
[Round "5"]
[White "Nill, Jessica"]
[Black "Sheldon, Ruth"]
[Result "0-1"]
[WhiteElo "2168"]
[BlackElo "2310"]
[EventDate "1999.09.18"]
[PlyCount "72"]

1.d4 Nf6 2.c4 g6 3.Nc3 Bg7 4.e4 d6 5.Nf3 O-O 6.Be2 Na6 7.O-O e5 8.Be3 Ng4 
9.Bg5 Qe8 10.dxe5 dxe5 11.h3 h6 12.Bd2 Nf6 13.Be3 Qe7 14.Nd5 Qd8 15.Qc1 
Kh7 16.Rd1 Nxe4 17.Nb6 axb6 18.Rxd8 Rxd8 19.a3 Nec5 20.Nd2 f5 21.b4 Nd3 
22.Qf1 e4 23.Rd1 Be6 24.f3 Nb2 25.Rb1 Nb8 26.fxe4 Rxa3 27.Bf4 Nc6 28.Qc1 
Ra2 29.Bxc7 Rd7 30.Bxb6 Na4 31.Be3 Nc3 32.Bf1 Nxb1 33.Qxb1 Ra1 34.Qb3 Nd4 
35.Bxd4 Bxd4+ 36.Kh1 fxe4 0-1

[Event "17th WCh U20 Girls"]
[Site "Yerevan ARM"]
[Date "1999.09.22"]
[Round "5"]
[White "Kouvatsou, Maria"]
[Black "Mkrtchian, Lilit"]
[Result "1-0"]
[WhiteElo "2152"]
[BlackElo "2295"]
[EventDate "1999.09.18"]
[PlyCount "91"]

1.e4 e6 2.d4 d5 3.exd5 exd5 4.c4 Nf6 5.Nc3 Be7 6.Bd3 dxc4 7.Bxc4 O-O 8.
Nge2 Nbd7 9.O-O Nb6 10.Bb3 c6 11.Re1 Nbd5 12.Nf4 Bb4 13.Qd3 Nxf4 14.Bxf4 
Bxc3 15.bxc3 Bg4 16.Bg5 Bh5 17.Re5 Bg6 18.Qf3 a5 19.Rae1 a4 20.Bd1 Qd6 21.
Bxf6 Qxf6 22.Qxf6 gxf6 23.Re7 Rfb8 24.f4 Kf8 25.Bg4 Bd3 26.a3 f5 27.Bh5 
Bc4 28.R1e5 Ra6 29.Rc7 Rb6 30.Rxf5 Rb1+ 31.Kf2 Rf1+ 32.Kg3 Re8 33.Bxf7 
Re3+ 34.Kh4 Bd3 35.Rc8+ Ke7 36.Re8+ Kd7 37.Rxe3 Bxf5 38.Kg5 Bc2 39.Re2 Rc1
40.Kf6 Bb3 41.Bxb3 axb3 42.Rb2 Rxc3 43.f5 Kd6 44.Kg7 Rc2 45.Rxb3 Rxg2+ 46.
Rg3 1-0